Postavenie Indickej republiky vo svetovom hospodárstve bakalárska práca

Salvato in:
Dettagli Bibliografici
Autore principale: Dulková, Katarína
Ente Autore: Fakulta medzinárodných vzťahov EU. Katedra medzinárodných ekonomických vzťahov a hospodárskej diplomacie
Altri autori: Buzinkai, Matej
Natura: Libro
Lingua:slovacco
Pubblicazione: Bratislava 2012
Tags: Aggiungi Tag
Nessun Tag, puoi essere il primo ad aggiungerne!!

MARC

LEADER 00000nbm a2200000 4500
001 0153666
005 20161109111801.8
041 0 |a slo 
044 |a SK 
245 1 0 |a Postavenie Indickej republiky vo svetovom hospodárstve  |b bakalárska práca  |c Katarína Dulková ; školiteľ: Matej Buzinkai 
264 1 |a Bratislava  |c 2012 
300 |a 52 s. 
100 1 |a Dulková, Katarína 
700 1 |a Buzinkai, Matej 
710 2 |a Fakulta medzinárodných vzťahov EU. Katedra medzinárodných ekonomických vzťahov a hospodárskej diplomacie